| 000 | 00416nam a22001577a 4500 | ||
|---|---|---|---|
| 020 | _a9781449649173 | ||
| 082 | _a621.3820286 | ||
| 100 | _aSolomon, Michael G | ||
| 245 | _aFundamentals of communications and networking | ||
| 260 |
_aUSA _bJones & Bartlett Learning _c2013 |
||
| 300 |
_axv, 484 p. _bill. ; _e25 cm. |
||
| 500 | _aIncludes index | ||
| 650 | _aTelecommunication | ||
| 700 | _aKim, David | ||
| 942 | _cBK | ||
| 999 |
_c12110 _d12110 |
||